Réalisateur de A à Z (par images) - Statistiques

Statistiques générales
  • Ce quiz a été pris 172 fois
  • Le résultat moyen est 6 sur 25
Statistiques - réponses
Par images Hint Réponse % Correct
Steven Spielberg
88%
James Cameron
83%
David Lynch
76%
François Truffaut
47%
Michel Hazanavicius
41%
Bertrand Blier
40%
Akira Kurosawa
35%
Federico Fellini
31%
Alejandro González Iñárritu
25%
Jean-Pierre Jeunet
21%
Brian De Palma
19%
Darren Aronofsky
18%
Alain Resnais
16%
Michael Mann
14%
Pier Paolo Pasolini
13%
Gérard Oury
12%
Sacha Guitry
11%
Gus Van Sant
9%
Mike Newell
5%
David Yates
3%
Peter Weir
3%
Richard Quine
3%
Roland Emmerich
3%
David Zucker
1%
Le Chat Noir, Détour Edgar Ulmer
1%
Aucun quiz correspondant
Distribution des résultats
% des personnes avec chaque résultat
Percentile par nombre de réponses
Votre historique - résultats
Vous n’avez pas pris ce quiz